Statistics for South Korea Cities/Counties Quiz (with map)

Click here to take the quiz!

General Stats

  • This quiz has been taken 1,274 times
  • The average score is 67 of 162

Answers on the Map

Answers color-coded by a green-red scale on the quiz's map according to % correct below.
 

Answer Stats

GroupAnswer% Correct
Special CitySeoul
99%
Metropolitan CityBusan
95%
Metropolitan CityIncheon
88%
JejuJeju
88%
Metropolitan CityDaegu
84%
Metropolitan CityUlsan
74%
Gyeonggi | Metropolitan CityGwangju
73%
Metropolitan CityDaejeon
72%
GyeonggiSuwon
65%
Special Self-governing CitySejong
63%
GyeonggiAnsan
55%
South GyeongsangChangwon
54%
GyeonggiPaju
54%
GyeonggiBucheon
53%
North ChungcheongCheongju
53%
GyeonggiGimpo
53%
North JeollaJeonju
53%
North GyeongsangPohang
53%
GyeonggiGoyang
52%
GyeonggiSeongnam
52%
GyeonggiAnyang
51%
GangwonGangneung
51%
GyeonggiYongin
51%
South JeollaMokpo
50%
GyeonggiNamyangju
50%
JejuSeogwipo
50%
GangwonSokcho
50%
North GyeongsangGyeongju
49%
South ChungcheongCheonan
48%
GangwonChuncheon
48%
GyeonggiHwaseong
48%
GyeonggiPyeongtaek
48%
South ChungcheongAsan
47%
GyeonggiGuri
47%
GyeonggiIcheon
47%
GyeonggiUijeongbu
47%
South JeollaYeosu
47%
GangwonDonghae
46%
North GyeongsangUlleung
46%
GangwonWonju
46%
GyeonggiYangju
46%
North ChungcheongChungju
45%
GyeonggiHanam
45%
GangwonPyeongchang
45%
GangwonYangyang
45%
South GyeongsangGimhae
44%
GyeonggiGwacheon
44%
GyeonggiOsan
44%
GyeonggiSiheung
44%
GyeonggiAnseong
43%
GyeonggiDongducheon
43%
South GyeongsangGeoje
43%
Gangwon | South GyeongsangGoseong
43%
North JeollaGunsan
43%
GyeonggiGwangmyeong
43%
South GyeongsangJinju
43%
GyeonggiPocheon
43%
South JeollaSuncheon
43%
GangwonCheorwon
42%
North GyeongsangGyeongsan
42%
South ChungcheongSeosan
42%
GyeonggiYeoju
42%
North GyeongsangAndong
41%
GyeonggiGapyeong
41%
North JeollaIksan
41%
South JeollaNaju
41%
GangwonSamcheok
41%
GyeonggiUiwang
41%
South GyeongsangYangsan
41%
South ChungcheongBoryeong
40%
South ChungcheongDangjin
40%
South ChungcheongGongju
40%
North GyeongsangGumi
40%
GyeonggiGunpo
40%
South JeollaHaenam
40%
North JeollaGimje
39%
GangwonInje
39%
South JeollaJindo
39%
South GyeongsangNamhae
39%
North GyeongsangSangju
39%
South JeollaSinan
39%
South ChungcheongTaean
39%
GangwonTaebaek
39%
South GyeongsangTongyeong
39%
GyeonggiYeoncheon
39%
GangwonHongcheon
38%
South ChungcheongNonsan
38%
North GyeongsangUljin
38%
GyeonggiYangpyeong
38%
North ChungcheongJecheon
37%
South GyeongsangMiryang
37%
South GyeongsangSacheon
37%
North ChungcheongDanyang
36%
North JeollaMuju
36%
GangwonYanggu
36%
South ChungcheongBuyeo
35%
South ChungcheongCheongyang
35%
South GyeongsangGeochang
35%
North GyeongsangGimcheon
35%
South JeollaGwangyang
35%
South ChungcheongGyeryong
35%
South GyeongsangHadong
35%
South ChungcheongHongseong
35%
GangwonHwacheon
35%
South JeollaMuan
35%
South ChungcheongSeocheon
35%
South JeollaWando
35%
South JeollaBoseong
34%
South JeollaGoheung
34%
GangwonJeongseon
34%
North GyeongsangMungyeong
34%
North ChungcheongOkcheon
34%
North GyeongsangYeongcheon
34%
North GyeongsangYeongdeok
34%
North GyeongsangYeongju
34%
GangwonYeongwol
34%
North JeollaBuan
33%
North GyeongsangGunwi
33%
GangwonHoengseong
33%
South JeollaHwasun
33%
North JeollaJangsu
33%
North JeollaWanju
33%
North ChungcheongYeongdong
33%
North GyeongsangBonghwa
32%
South JeollaDamyang
32%
South ChungcheongGeumsan
32%
South GyeongsangHapcheon
32%
North JeollaJinan
32%
North ChungcheongJincheon
32%
North JeollaNamwon
32%
North GyeongsangSeongju
32%
South ChungcheongYesan
32%
North GyeongsangCheongdo
31%
North GyeongsangCheongsong
31%
North ChungcheongEumseong
31%
North JeollaGochang
31%
South JeollaHampyeong
31%
North JeollaImsil
31%
North ChungcheongJeungpyeong
31%
North JeollaSunchang
31%
North GyeongsangUiseong
31%
North GyeongsangYeongyang
31%
North GyeongsangChilgok
30%
South JeollaGangjin
30%
North ChungcheongGoesan
30%
North GyeongsangGoryeong
30%
South JeollaGurye
30%
South GyeongsangHaman
30%
North ChungcheongBoeun
29%
South JeollaGokseong
29%
South GyeongsangHamyang
29%
North JeollaJeongeup
29%
South GyeongsangSancheong
29%
North GyeongsangYecheon
28%
South JeollaYeonggwang
28%
South GyeongsangChangnyeong
27%
South JeollaJangseong
27%
South GyeongsangUiryeong
27%
South JeollaYeongam
27%
South JeollaJangheung
26%

Score Distribution

Percentile by Number Answered

Percent of People with Each Score

Your Score History

You have not taken this quiz